Hỏi và đáp về môn học tư tưởng Hồ Chí Minh Dùng cho sinh viên các hệ đào tạo đại học, cao đẳng
Gồm 53 câu hỏi đáp tìm hiểu về tư tưởng Hồ Chí Minh như khái niệm tư tưởng Hồ Chí Minh, đối tượng và nhiệm vụ của môn học, cơ sở phương pháp luận và phương pháp nghiên cứu tư tưởng Hồ Chí Minh, cơ sở hình thành tư tưởng Hồ Chí Minh......
Wedi'i Gadw mewn:
| Prif Awdur: | |
|---|---|
| Awduron Eraill: | , |
| Fformat: | Llyfr |
| Iaith: | Vietnamese |
| Cyhoeddwyd: |
H.
Đại học Sư phạm
2011
|
| Pynciau: | |
| Tagiau: |
Ychwanegu Tag
Dim Tagiau, Byddwch y cyntaf i dagio'r cofnod hwn!
|
| Thư viện lưu trữ: | Mạng thư viện Đại học Đà Nẵng |
|---|
| LEADER | 01605nam a2200361 4500 | ||
|---|---|---|---|
| 001 | 000024185 | ||
| 003 | 20666 | ||
| 005 | 20161024091024.0 | ||
| 008 | 161020s2011 viesd | ||
| 020 | |c 33000đ | ||
| 041 | 0 | |a vie | |
| 082 | 1 | 4 | |a 335.4346 |b NG-T |
| 100 | 1 | |a Nguyễn Đức Thìn | |
| 245 | 1 | 0 | |a Hỏi và đáp về môn học tư tưởng Hồ Chí Minh |b Dùng cho sinh viên các hệ đào tạo đại học, cao đẳng |c Nguyễn Đức Thìn (ch.b), Nguyễn Đức Chiến, Lê Thị Ninh. |
| 260 | |a H. |b Đại học Sư phạm |c 2011 | ||
| 300 | |a 258 tr. |c 21 cm. | ||
| 504 | |a Thư mục: tr. 258 | ||
| 520 | 3 | |a Gồm 53 câu hỏi đáp tìm hiểu về tư tưởng Hồ Chí Minh như khái niệm tư tưởng Hồ Chí Minh, đối tượng và nhiệm vụ của môn học, cơ sở phương pháp luận và phương pháp nghiên cứu tư tưởng Hồ Chí Minh, cơ sở hình thành tư tưởng Hồ Chí Minh... | |
| 650 | 0 | 4 | |a Tư tưởng Hồ Chí Minh |
| 653 | |a Sách hỏi đáp | ||
| 653 | |a Tư tưởng Hồ Chí Minh | ||
| 700 | 1 | |a Nguyễn Đức Chiến | |
| 700 | 1 | |a Lê Thị Ninh | |
| OWN | |a LSP | ||
| AVA | |a UDN50 |b LSP |d 335.4346 NG-T |e available |t Error 5001 Not defined in file expand_doc_bib_avail. |f 5 |g 0 |h N |i 0 |k 1 | ||
| 999 | |a From the UDN01 | ||
| AVA | |a UDN50 |b LSP |d 335.4346 NG-T |e available |t Error 5001 Not defined in file expand_doc_bib_avail. |f 5 |g 0 |h N |i 0 |k 1 | ||
| TYP | |a Monograph | ||
| TYP | |a Printed language | ||
| 980 | |a Mạng thư viện Đại học Đà Nẵng | ||